| 000 -ლიდერი |
| ფიქსირებული სიგრძის საკონტროლო ველი |
01826nam a2200277Ia 4500 |
| 001 - საკონტროლო ნომერი |
| საკონტროლო ველი |
18751 |
| 003 - საკონტროლო ნომრის იდენტიფიკატორი |
| საკონტროლო ველი |
GE_BSU |
| 005 - ბოლო ოპერაციის თარიღი და დრო |
| საკონტროლო ველი |
20210412164744.0 |
| 008 - ფიქსირებული სიგრძის მონაცემთა ელემენტები - ზოგადი ინფორმაცია |
| ფიქსირებული სიგრძის საკონტროლო ველი |
181216s2015||||ge |||||||||||||| ||geo|| |
| 040 ## - კატალოგიზაციის წყარო |
| Transcribing agency |
GE_BSU |
| 041 ## - ენის კოდი |
| Language code of text/sound track or separate title |
geo |
| 080 ## - უნივერსალური ათობითი კლასიფიკაციის ინდექსი |
| Universal Decimal Classification number |
61 მ-54 |
| 100 ## - მთავარი ჩანაწერი - პიროვნების სახელი |
| Personal name |
მელია, ლარისა |
| 9 (RLIN) |
11235 |
| 245 ## - ცნობა სათაურის შესახებ |
| Title |
სიმულტანური ოპერაციების ეფექტურობა სამეანო-გინეკოლოგიურ პრაქტიკაში = Efficiency Of Simultaneous Operations In Practice Oвstetrics And Gynecology / |
| Statement of responsibility, etc |
ლარისა მელია; სამეცნიერო ხელმძღვანელები: ნიკოლოზ კინტრაია, ბაადურ მოსიძე; თბილისის სახელმწიფო სამედიცინო უნივერსიტეტი. |
| 264 ## - წარმოების, გამოცემის, დისტრიბუციის და სხვა ცნობები |
| გამოცემის, წარმოების, დისტრიბუციის... ადგილი |
თბილისი, |
| გამოცემის, წარმოების, დისტრიბუციის... სახელწოდება |
|
| გამოცემის, წარმოების, დისტრიბუციის... თარიღი |
2015. |
| 300 ## - ფიზიკური აღწერა |
| Extent |
164 გვ. |
| Other physical details |
30 სმ. |
| 653 ## - INDEX TERM--UNCONTROLLED |
| Uncontrolled term |
დისერტაცია |
| 653 ## - INDEX TERM--UNCONTROLLED |
| Uncontrolled term |
მედიცინა |
| 653 ## - INDEX TERM--UNCONTROLLED |
| Uncontrolled term |
სიმულტანური ოპერაციების ეფექტურობა სამეანო-გინეკოლოგიურ პრაქტიკაში |
| 653 ## - INDEX TERM--UNCONTROLLED |
| Uncontrolled term |
გინეკოლოგია |
| 653 ## - INDEX TERM--UNCONTROLLED |
| Uncontrolled term |
მეანობა |
| 700 ## - ADDED ENTRY--PERSONAL NAME |
| Personal name |
კინტრაია, ნიკოლოზ |
| Relator term |
სამეცნიერო ხელმძღვანელი |
| 9 (RLIN) |
11236 |
| 700 ## - ADDED ENTRY--PERSONAL NAME |
| Personal name |
მოსიძე, ბაადურ |
| Relator term |
სამეცნიერო ხელმძღვანელი |
| 9 (RLIN) |
11237 |
| 710 ## - ADDED ENTRY--CORPORATE NAME |
| Corporate name or jurisdiction name as entry element |
თბილისის სახელმწიფო სამედიცინო უნივერსიტეტი |
| 9 (RLIN) |
9697 |
| 942 ## - ADDED ENTRY ELEMENTS (KOHA) |
| Koha item type |
წიგნი |
| Source of classification or shelving scheme |
|